| 000 | 00716nam a2200229 a 4500 | ||
|---|---|---|---|
| 001 | BRCA_6455 | ||
| 005 | 20190320205448.0 | ||
| 008 | 240911s1930----nyu#######---#000-0#eng-# | ||
| 041 | _aeng | ||
| 044 | _anyu | ||
| 050 | 4 |
_aNK4124 _p.M63 1930 |
|
| 245 | 1 | 0 |
_aModern pottery from Manises _bin the collection of the Hispanic Society of America |
| 260 |
_aNueva York _bThe Hispanic Society of America _c1930 |
||
| 300 |
_a[9] p. _bil. _c19 cm. |
||
| 500 | _aM58 | ||
| 650 | 1 | 4 |
_aCerámica _zManices, España _916124 |
| 650 | 1 | 4 |
_aCerámica _vExposiciones _916125 |
| 650 | 1 | 4 |
_aGalerias y Museos _zEstados Unidos de Norteamerica _916126 |
| 710 | 2 |
_aHispanic Society of America _916127 |
|
| 902 | _aGFM | ||
| 942 |
_2lcc _cB |
||
| 999 |
_c6139 _d6139 |
||